01519nabaa22001937a 4500999001500000003000400015005001700019008004100036040000700077100003800084245020400122300001500326505069000341505009001031650003201121650003801153773012101191942001301312 c6106d6106OSt20260122090000.0190701b xxu||||| |||| 00| 0 spa d cPJ 96875aQuirós, César Ezequiel 10aOrigen y evolución del control de convencionalidad : b¿qué ocurrió en los casos señeros? Principales diferencias con el control de constitucionalidad argentino /cCésar Ezequiel Quirós. ap. 120-133 aSumario: umario: I. Introducción.— II. ¿Qué es el control de convencionalidad?— III. El germen del control de convencionalidad en los casos “Myrna Mack Chang” y “Tibi”.— IV. La consolidación del control de convencionalidad en “Almonacid Arellano” y “Trabajadores Cesados del Congreso”.— V. La expansión de los legitimados y obligados a realizar el control de convencionalidad, los casos “Cabrera García y Montiel Flores”, “Gelman vs. Uruguay” y “Masacre de Santo Domingo”.— VI. El control de constitucionalidad argentino y sus diferencias con el control de convencionalidad.— VII. Conclusión.— VIII. Bibliografía complementaria. t¿Te interesa el texto completo? Comunicate al correo: koha@justierradelfuego.gov.ar  09211aDERECHO ADMINISTRATIVO 096132aCONTROL DE CONVENCIONALIDAD0 0284293251dBuenos Aires : AbeledoPerrot, 2012-oDA121tDerecho administrativo. Nº 145 enero/febrero 2023z18510590 2udccANA